000 00690nam#a22002655a#4500
001 1773
008 110412s2010####ag#####g######001#fdspa#d
245 1 3 _aLa moza /
_cSergio Gaiteri ; editado por Emanuel Molina.
250 _a1ª ed.
260 _aVilla María :
_bEduvim,
_c2010.
300 _a65 p. ;
_c22 cm.
490 0 _aTemporal ;
_vno. 2
020 _a9789871727124
100 1 _aGaiteri, Sergio.
700 1 _aMolina, Emanuel,
_eeditor.
_4edt
080 _a860(82)-31
084 _aG16
653 _aLiteratura argentina
653 _aNarrativa argentina
653 _aNovelas
040 _aAR-ClEAG
_cAR-ClEAG
005 20241107184721.0
003 AR-ClEAG
942 _cBK
999 _c1773
_d1773
980 _62
_aEvangelina Gallicchio
_82
_gEvangelina Gallicchio